00773nam a2200169 a 450000100100000000500170001000800410002704000250006808200150009310000270010824501510013526000680028630000190035450000410037395201720041499900170058600003142620200930062924.0110622s1934 dr r 000 0 spa d aDO-SdBNPbspacBNPHU axxxxbxxxx1 aOrtega, Augusto95781610aTexto auxiliar de geografía evolutiva para el trazado de mapas en las escuelas por el procedimiento de longitudes y latitudes :bAugusto Ortega. aSantiago de los Caballeros :bTip. Corazón de Jesús,c1934. av. : ;c21 cm. aLa biblioteca solo posee el tomo III 001050718RVaPDbPDcCTd2011-06-22iLF1l0oxxxx xxxxp31426-10r2020-06-25w2020-06-25y1zPerteneció a la colección de Carlos Larrazabal BlancoZNo se presta c30918d30918